Movie Titles Said in Movie V Quiz Stats

 Plays Quiz Updated Feb 1, 2015

Challenge
Share
Tweet
Embed
Score 0/30 Timer 08:00
0 Plays Today
% Correct
Black Swan
94.7%
Dumbo
94.4%
You've Got Mail
94.2%
Apollo 13
92.9%
Jumanji
90.8%
Seabiscuit
87.8%
We Were Soldiers
83.5%
RoboCop
82.8%
The Waterboy
81.7%
Cabaret
81.2%
The Great Mouse Detective
77.7%
A Streetcar Named Desire
72.1%
The Greatest Story Ever Told
64.4%
Looper
63%
Platoon
62.8%
% Correct
Guardians of the Galaxy
62.8%
The Color Purple
61.6%
Brokeback Mountain
61.6%
Spaceballs
59.8%
Rush Hour
59.1%
Paint Your Wagon
56.7%
TRON
55%
Cape Fear
53.5%
Demolition Man
51.2%
Heartbreak Ridge
48.7%
The Birdcage
45.6%
The Mask
39.7%
Fantastic Four
35%
Tropic Thunder
24.7%
Happy Feet
23.3%

You're not logged in!

Compare scores with friends on all Sporcle quizzes.
OR
Log In

You Might Also Like...

Show Comments

Extras

Top Quizzes Today


Score Distribution

Your Account Isn't Verified!

In order to create a playlist on Sporcle, you need to verify the email address you used during registration. Go to your Sporcle Settings to finish the process.

Report this User

Report this user for behavior that violates our Community Guidelines.

Details: